| 000 | 003920000a22001930004500 | ||
|---|---|---|---|
| 650 | _aSports | ||
| 015 | _aNB | ||
| 082 |
_aN796 _bJ651k _cCS |
||
| 518 | _a990520 | ||
| 530 | _aM | ||
| 100 | _aJha, Ashok | ||
| 245 | _aKrida vijnan | ||
| 260 |
_aKathmandu _bEm. Ke. Pablisars, Nepal |
||
| 260 | _c2055 B.S. | ||
| 041 | _aNep | ||
| 300 | _a278p. | ||
| 365 | _aRs.110.00 | ||
| 942 | _cGEN | ||
| 999 |
_c18808 _d18808 |
||